000 00223 a2200097 4500
001 41091
100 _aOstrander, S
245 _aEtiquette for Todays
260 _aNew York
_bBarnes & Noble Books
_c
090 _c25321
_d25321
942 _aNUST-CAE
_cM
_c17027
999 _c276164
_d276164